Művészet

Elmentve itt :
Bibliográfiai részletek
Szerzők: Hangay Sándor
Kázmér Ernő
Endrey Sándor
Dokumentumtípus: Cikk
Megjelent: 1912
Sorozat:Kultura [!Kultúra] : irodalmi, művészeti, kritikai képes havi folyóirat 4 No. 23-24
Kulcsszavak:Pálmay Ilka, Lilien, Ephraim Moses, Művészet
Online Access:http://misc.bibl.u-szeged.hu/1625
LEADER 00702nab a2200193 i 4500
001 misc1625
005 20191106143630.0
008 170607s1912 hu o 0|| hun d
040 |a SZTE Miscellanea Repozitórium  |b hun 
041 |a hun 
100 1 |a Hangay Sándor 
245 1 0 |a Művészet  |h [elektronikus dokumentum] /  |c  Hangay Sándor 
260 |c 1912 
300 |a 1507-1512 
490 0 |a Kultura [!Kultúra] : irodalmi, művészeti, kritikai képes havi folyóirat  |v 4 No. 23-24 
695 |a Pálmay Ilka, Lilien, Ephraim Moses, Művészet 
700 0 1 |a Kázmér Ernő  |e aut 
700 0 1 |a Endrey Sándor  |e aut 
856 4 0 |u http://misc.bibl.u-szeged.hu/1625/1/kultura_004_023_024_1507-1512.pdf  |z Dokumentum-elérés